Online
Catalog

Documentos sobre los restos de Cristobal Colón / (Record no. 9447)

MARC details
000 -CABECERA
campo de control de longitud fija 00967nam a2200277 a 4500
001 - NÚMERO DE CONTROL
campo de control 000009687
003 - IDENTIFICADOR DEL NÚMERO DE CONTROL
campo de control OSt
005 - FECHA Y HORA DE LA ÚLTIMA TRANSACCIÓN
campo de control 20210405113613.0
007 - CAMPO FIJO DE DESCRIPCIÓN FÍSICA--INFORMACIÓN GENERAL
campo de control de longitud fija ta
008 - DATOS DE LONGITUD FIJA--INFORMACIÓN GENERAL
campo de control de longitud fija 091001s1990 dr a 001 0dspa d
040 ## - FUENTE DE LA CATALOGACIÓN
Centro catalogador/agencia de origen DO-SdBNP
Lengua de catalogación spa
Centro/agencia transcriptor BNPHU
082 ## - NÚMERO DE LA CLASIFICACIÓN DECIMAL DEWEY
Número de clasificación 923.9
Número de documento/Ítem C719a
100 1# - ENTRADA PRINCIPAL--NOMBRE DE PERSONA
Nombre de persona Alvárez P., Eduardo A.,
Fechas asociadas al nombre 1915-
9 (RLIN) 17931
245 10 - MENCIÓN DE TÍTULO
Título Documentos sobre los restos de Cristobal Colón /
Mención de responsabilidad, etc. Eduardo A. Alvárez P.
260 ## - PUBLICACIÓN, DISTRIBUCIÓN, ETC.
Lugar de publicación, distribución, etc. Santo Domingo :
Nombre del editor, distribuidor, etc. Corripio,
Fecha de publicación, distribución, etc. 1990.
300 ## - DESCRIPCIÓN FÍSICA
Extensión 159 p. ;
Dimensiones 23 cm.
500 ## - NOTA GENERAL
Nota general Incluye datos biográficos del autor en la contracubierta.
500 ## - NOTA GENERAL
Nota general Incluye referencias bibliográficas y notas al pie de las páginas.
504 ## - NOTA DE BIBLIOGRAFÍA, ETC.
Nota de bibliografía, etc. Bibliografía: p-159.
590 ## - NOTA LOCAL (RLIN)
Nota local Inventariado, 2021 / DG
600 14 - PUNTO DE ACCESO ADICIONAL DE MATERIA--NOMBRE DE PERSONA
Nombre de persona COLÓN, CRISTÓBAL,
Fechas asociadas al nombre 1451-1506
Subdivisión general TUMBA
9 (RLIN) 24584
650 #4 - PUNTO DE ACCESO ADICIONAL DE MATERIA--TÉRMINO DE MATERIA
Término de materia o nombre geográfico como elemento de entrada Exploradores
Subdivisión geográfica América
Subdivisión general Biografías
9 (RLIN) 24585
651 #4 - PUNTO DE ACCESO ADICIONAL DE MATERIA--NOMBRE GEOGRÁFICO
Nombre geográfico República Dominicana
Subdivisión general Historia
9 (RLIN) 170
910 ## - DATOS DE OPCIÓN DEL USUARIO (OCLC)
Datos de opción del usuario Validado. Control de calidad EMS
942 ## - ELEMENTOS DE PUNTO DE ACCESO ADICIONAL (KOHA)
Fuente del sistema de clasificación o colocación Dewey Decimal Classification
Tipo de ítem Koha Libro
Holdings
Estado de retiro Estado de pérdida Fuente del sistema de clasificación o colocación Restricciones de uso No para préstamo Código de colección Localización permanente Ubicación/localización actual Ubicación en estantería Fecha de adquisición Total de préstamos Signatura topográfica completa Código de barras Fecha visto por última vez Número de copia Precio válido a partir de Tipo de ítem Koha Nota pública Fuente de adquisición
    Dewey Decimal Classification Préstamo en sala   Dominicana de Servicio Biblioteca Nacional Pedro Henríquez Ureña General Depósito 20.04.2010   BNPHU DS 923.9 C719a 9687-30 25.06.2020 e.3 25.06.2020 Libro y Folleto Colección Dominicana de Servicio    
    Dewey Decimal Classification Préstamo en sala   Dominicana de Servicio Biblioteca Nacional Pedro Henríquez Ureña General Depósito 31.07.2019   BNPHU DS 923.9 C719a 9687-40 25.06.2020 e.4 25.06.2020 Libro y Folleto Colección Dominicana de Servicio Perteneció a la biblioteca personal de la familia Reyes Duluc.  
    Dewey Decimal Classification Excluido de préstamo Excluido de préstamo Patrimonio Dominicano Biblioteca Nacional Pedro Henríquez Ureña Patrimonio Dominicano Depósito 01.10.2009   BNPHU PD 923.9 C719a 9687-10 25.06.2020   25.06.2020 Libro y Folleto Colección Patrimonio Dominicano    
    Dewey Decimal Classification Préstamo restringido Préstamo restrigido Patrimonio Dominicano Biblioteca Nacional Pedro Henríquez Ureña Patrimonio Dominicano Depósito 01.10.2009   BNPHU PD 923.9 C719a 9687-20 25.06.2020 e.2 25.06.2020 Libro y Folleto Colección Patrimonio Dominicano    
    Dewey Decimal Classification   Préstamo en sala Dominicana de Servicio Biblioteca Nacional Pedro Henríquez Ureña Patrimonio Dominicano Depósito 05.03.2020   BNPHU DS 923.9 C719a 2021-0423 24.02.2021 e.5 24.02.2021 Libro y Folleto Colección Dominicana de Servicio   Donado por Lourdes Delgado

Powered by Koha